| 000 | 01348nam0a2200337 4500 | ||
|---|---|---|---|
| 001 | RU\NLR\bibl\1028394 | ||
| 005 | 20180906161849.0 | ||
| 010 |
_a5-89610-077-9 _9300 |
||
| 021 |
_aRU _b2006-71781 _93614 |
||
| 035 | _a(NLR Aleph) 001015883 | ||
| 090 |
_a667694 _c667694 |
||
| 100 | _a20070109d2006 k y0rusy50 ca | ||
| 101 | 0 | _arus | |
| 102 | _aRU | ||
| 105 | _ay ||||||||| | ||
| 200 | 1 |
_aПравославная церковь в Бурятии (XX-XXI вв.) _fГ.С. Митыпова _gФГОУ Бурят. гос. ун-т |
|
| 210 |
_aУлан-Удэ _cИздательско-полиграфический комплекс ФГОУ ВПО ВСГАКИ _d2006 |
||
| 215 |
_a111 с. _d21 |
||
| 320 | _aБиблиогр.: с. 84-101 и в подстроч. примеч. | ||
| 601 | 0 | 2 |
_aРусская православная церковь _yБурятия _92176582 _3RU\NLR\auth\661309115 |
| 686 | _aЭ372.24-39(2Р-6Бу)74 | ||
| 700 | 1 |
_4070 _7ca _8rus _aМитыпова _bГ. С. _f1953- _gГунсема Сандаковна _9193589 _3RU\NLR\AUTH\770193640 |
|
| 801 | 0 |
_aRU _bNLR _c20070109 _gRCR |
|
| 801 | 1 |
_aRU _bNLR _c20070109 |
|
| 830 | _aавтор раскрыт по книге | ||
| 942 | _cBOOK | ||
| 980 | _aNB | ||
| 980 | _aNBR | ||